Представление документа в формате RUSMARC

ПолеНазваниеЗначение
  Тип записи a
  Библиографический уровень m
001 Контрольный номер RU/IS/BASE/464278320
005 Дата корректировки 20240207193154.0
010 Индекс ISBN __
a ISBN 5-256-00165-5
d Цена 1 р. 40 к.
9 Тираж 30000 экз.
100 Данные общей обработки __
a Данные общей обработки 20140917d2014 ||| 0rusy0189 ca
101 Язык документа 0_
a Язык текста rus
102 Страна публикации __
a Страна публикации RU
105 Кодированные данные (монография) __
a Кодированные данные (монография) y###||||000|y
200 Заглавие и сведения об ответственности 1_
a Заглавие Филателия школьников
b Общее обозначение материала Текст
f Первые сведения об ответственности И. Я. Левитас
205 Сведения об издании __
a Основные сведения об издании 3-е изд., перераб. и доп.
210 Выходные данные 1_
a Место издания Москва
c Издательство Радио и связь
d Дата издания 1988
215 Физическое описание __
a Объем 215, [1] с.
c Иллюстрации/тип воспроизводства ил.
d Формат 24 см.
320 Библиография __
a Библиография Библиогр. : с. 214
606 Тематические рубрики 1_
a Основная рубрика Коллекционирование - Марки почтовые
610 Ключевые слова 1_
a Ключевые слова коллекционирование марок
a Ключевые слова марки почтовые
a Ключевые слова филателисты юные
a Ключевые слова филателия
686 Индексы других классификаций __
a Классификационный индекс 76.19
2 Код системы rubbk
700 Автор _1
a Фамилия Левитас
b Имя (инициалы) Иосиф Яковлевич
801 Источник записи _0
a Страна RU
b Организация Ульяновская ОБДЮ
c Дата составления 20140917
g Правила каталогизации RCR
801 Источник записи _1
a Страна RU
b Организация Ульяновская ОБДЮ
c Дата составления 20140917
g Правила каталогизации RCR
852 Данные о местонахождении __
a Наименование организации Ульяновская ОБДЮ
i Авторский знак Л 36
j Шифр хранения 76.19
901 Тип документа __
t Тип документа m
910 Корректоры записи __
a Корректор записи Рябова
919 __
a Рябова
938 Служебная информация __
a Имя БД MarkBase